000 00288nam a2200121Ia 4500
008 190216s9999||||xx |||||||||||||| ||und||
100 _aChatergee .p.n
245 0 _aTheory Of Equations
260 _bRajhans Prakash Mandir
_c1967
300 _a292p
650 _aMathematics
942 _cBK
999 _c30788
_d30788